El Programa monetario y financiero para 1995
Uloženo v:
| Médium: | Text |
|---|---|
| Témata: | |
| Tagy: |
Přidat tag
Žádné tagy, Buďte první, kdo vytvoří štítek k tomuto záznamu!
|
MARC
| LEADER | 00000 a a2200000 04500 | ||
|---|---|---|---|
| 001 | 5919 | ||
| 003 | |||
| 040 | |||
| 245 | |a El Programa monetario y financiero para 1995 | ||
| 650 | |a CONDICIONES ECONOMICAS | ||
| 650 | |a ASPECTOS ECONOMICOS | ||
| 650 | |a DEFICIT | ||
| 650 | |a POLITICA ECONOMICA | ||
| 650 | |a MODERNIZACION | ||
| 650 | |a PRIVATIZACION | ||
| 650 | |a INGRESOS PUBLICOS | ||
| 650 | |a EMPLEO | ||
| 773 | |g volumen 15, número 647; páginas 6-7 | ||
| 999 | |c 31900 |d 31900 | ||
